[Event "DEN-ch Kort 2-2"]
[Site "Helsingor"]
[Date "2013.03.30"]
[Round "5"]
[White "Persson, Jorgen"]
[Black "Vestergaard, Svend"]
[Result "1/2-1/2"]
[WhiteElo "1250"]
[BlackElo "1734"]
[PlyCount "51"]
[EventDate "2013.03.28"]
[EventType "swiss"]
[EventRounds "5"]
[EventCountry "DEN"]
[SourceTitle "EXT 2023"]
[Source "ChessBase"]
[SourceDate "2022.10.05"]
[SourceVersion "1"]
[SourceVersionDate "2022.10.05"]
[SourceQuality "1"]

1. d4 Nf6 2. c4 e6 3. Bg5 h6 4. Bh4 Bb4+ 5. Nc3 c5 6. dxc5 Qa5 7. Bxf6 gxf6 8. Qd4 Bxc3+ 9. bxc3 Ke7 10. Qd6+ Ke8 11. Qd4 Ke7 12. Nf3 Nc6 13. Qd6+ Ke8 14. Qd3 Qxc5 15. g3 b6 16. Rd1 a5 17. Bg2 Ra7 18. Nd4 Ne5 19. Qc2 Qxc4 20. a4 Ba6 21. 0-0 Rc7 22. Rc1 Ke7 23. Rfd1 h5 24. f4 Ng4 25. Qe4 Qc5 26. e3 1/2-1/2

[Event "DEN-ch Kort 2-2"]
[Site "Helsingor"]
[Date "2013.03.28"]
[Round "2"]
[White "Vestergaard, Svend"]
[Black "Gade, Jens"]
[Result "1/2-1/2"]
[WhiteElo "1734"]
[BlackElo "1578"]
[PlyCount "143"]
[EventDate "2013.03.28"]
[EventType "swiss"]
[EventRounds "5"]
[EventCountry "DEN"]
[SourceTitle "EXT 2023"]
[Source "ChessBase"]
[SourceDate "2022.10.05"]
[SourceVersion "1"]
[SourceVersionDate "2022.10.05"]
[SourceQuality "1"]

1. d4 d5 2. Bf4 Nf6 3. Nf3 e6 4. e3 Be7 5. c3 0-0 6. Bd3 c5 7. Nbd2 Nc6 8. 0-0 a6 9. Ne5 Nxe5 10. dxe5 Ne8 11. Nf3 Bd7 12. Qc2 g6 13. h3 f5 14. exf6 Bxf6 15. Rfd1 Qe7 16. Ne5 Bxe5 17. Bxe5 Qg5 18. Bf4 Qf6 19. Qd2 Bc6 20. Bg3 Rd8 21. Qe2 Rd7 22. Rd2 b5 23. Rad1 e5 24. Qg4 Rff7 25. Bh4 Qd6 26. Be4 Nf6 27. Bxf6 Qxf6 28. Bc2 Kg7 29. Qg3 Qe6 30. b4 c4 31. Qh4 e4 32. Qg3 Qd6 33. Qxd6 Rxd6 34. Bxe4 Rfd7 35. Bf3 Kf6 36. e4 Ke5 37. exd5 Bxd5 38. Re1+ Kf6 39. Red1 Ke5 40. Bxd5 Rxd5 41. Rxd5+ Rxd5 42. Rxd5+ Kxd5 43. f3 h5 44. Kf2 Ke5 45. Ke3 h4 46. f4+ Kf5 47. Kf3 g5 48. fxg5 Kxg5 49. Ke4 Kf6 50. Kf4 Ke6 51. g4 hxg3 52. Kxg3 Kf5 53. h4 Kg6 54. Kg4 Kh6 55. h5 Kh7 56. Kg5 Kg7 57. h6+ Kh7 58. a3 Kh8 59. Kf6 Kh7 60. Ke6 Kxh6 61. Kd6 Kg5 62. Kc6 Kf4 63. Kb6 Ke4 64. Kxa6 Kd3 65. Kxb5 Kxc3 66. a4 Kb3 67. a5 c3 68. a6 c2 69. a7 c1Q 70. a8Q Qc4+ 71. Kb6 Qxb4+ 72. Kc7 1/2-1/2

[Event "Bornholms Sommer B2"]
[Site "Ronne"]
[Date "2011.07.09"]
[Round "2"]
[White "Orup, Kim"]
[Black "Vestergaard, Svend"]
[Result "1/2-1/2"]
[WhiteElo "1644"]
[BlackElo "1632"]
[PlyCount "52"]
[EventDate "2011.07.08"]
[EventType "tourn"]
[EventRounds "5"]
[EventCountry "DEN"]
[SourceTitle "EXT 2023"]
[Source "ChessBase"]
[SourceDate "2022.10.05"]
[SourceVersion "1"]
[SourceVersionDate "2022.10.05"]
[SourceQuality "1"]

1. a3 Nf6 2. Nc3 d5 3. e3 e5 4. d3 Be7 5. Nf3 Nc6 6. d4 exd4 7. Nxd4 Nxd4 8. Qxd4 0-0 9. Be2 c5 10. Qd1 b6 11. 0-0 Bb7 12. Bf3 Qd7 13. Ne2 Rad8 14. c3 Ne4 15. Ng3 Nxg3 16. hxg3 f5 17. Be2 Rf6 18. f4 Rg6 19. Kf2 d4 20. cxd4 cxd4 21. exd4 Qxd4+ 22. Qxd4 Rxd4 23. Be3 Rd8 24. Rad1 Rgd6 25. Rxd6 Rxd6 26. Rc1 Rc6 1/2-1/2